01318nam a2200349Ia 4500001001200000003000800012006001900020007001500039008004100054010001700095020001500112020001500127020001800142020001800160020001800178040002100196035002100217050002500238082001800263100002100281245009500302260005300397300002400450504006600474533015200540650003800692650004900730655002900779710001700808856012600825999001700951ebr10739987CaPaEBRm o u cr cn|||||||||051121s2006 njua sb 001 0 eng d z 2005034126 z0691122253 z0691136424 z9780691122250 z9780691136424 z9781400849116 aCaPaEBRcCaPaEBR a(OCoLC)85501971514aTA174b.P4739 2006eb04a620/.00422221 aPetroski, Henry.10aSuccess through failureh[electronic resource] :bthe paradox of design /cHenry Petroski. aPrinceton :bPrinceton University Press,cc2006. axii, 235 p. :bill. aIncludes bibliographical references (p. [195]-218) and index. aElectronic reproduction.bPalo Alto, Calif. :cebrary,d2013.nAvailable via World Wide Web.nAccess may be limited to ebrary affiliated libraries. 0aEngineering designvCase studies. 0aSystem failures (Engineering)vCase studies. 7aElectronic books.2local2 aebrary, Inc.40uhttp://site.ebrary.com/lib/rucke/Doc?id=10739987zAn electronic book accessible through the World Wide Web; click to view c35270d35270